000 00720nam a22001937a 4500
999 _c182700
_d182700
005 20211202113649.0
010 _aUR-11346
020 _c200.00
_a9789390533619
035 _aU-9901
037 _bDBAD/PUB
082 _a844.08
100 _aر يحا ن ا حمد قا د ر ی
245 _aڈ ا کٹر ا حسا ن عا لم ا د ب کا آ ينہ خو ش ر نگ
_cر يحا ن ا حمد قا د ر ی
246 _aAhsan Alam Adab Ka Aina-e-Khushrang Urdu)
_bby Rehan Ahmed Qadri
260 _aN.Delhi
_c2021 ء
_bEducational Publishing House
270 _aD1/16,Ansari Road,Darya Ganj,
_bNew Delhi
_e110002
_l -
300 _a112 ص
_c22 Cm(Hb)
942 _2ddc
_cUR
_h844.08
_mق ا د